ბათუმის შოთა რუსთაველის სახელმწიფო უნივერსიტეტის ბიბლიოთეკა

საქართველოს საგადასახადო კოდექსი : (ბიბ.ჩანაწერი № 48603)

000 -ლიდერი
ფიქსირებული სიგრძის საკონტროლო ველი 00945nam a2200205Ia 4500
001 - საკონტროლო ნომერი
საკონტროლო ველი 15503
003 - საკონტროლო ნომრის იდენტიფიკატორი
საკონტროლო ველი GE_BSU
005 - ბოლო ოპერაციის თარიღი და დრო
საკონტროლო ველი 20241203122602.0
008 - ფიქსირებული სიგრძის მონაცემთა ელემენტები - ზოგადი ინფორმაცია
ფიქსირებული სიგრძის საკონტროლო ველი 181216s2004||||ge |||||||||||||| ||geo||
040 ## - კატალოგიზაციის წყარო
Transcribing agency GE_BSU
041 ## - ენის კოდი
Language code of text/sound track or separate title geo
080 ## - უნივერსალური ათობითი კლასიფიკაციის ინდექსი
Universal Decimal Classification number 342.743(479.22)(094.4) ს-32
245 ## - ცნობა სათაურის შესახებ
Title საქართველოს საგადასახადო კოდექსი :
Remainder of title 2004 წლის 1 ნოემბრის მდგომარეობით /
Statement of responsibility, etc [რედ. : ზ. მაჭარაშვილი].
264 ## - წარმოების, გამოცემის, დისტრიბუციის და სხვა ცნობები
გამოცემის, წარმოების, დისტრიბუციის... ადგილი თბილისი :
გამოცემის, წარმოების, დისტრიბუციის... სახელწოდება რაიზი,
გამოცემის, წარმოების, დისტრიბუციის... თარიღი 2004.
300 ## - ფიზიკური აღწერა
Extent 204 გვ. ;
Dimensions 21სმ.
653 ## - INDEX TERM--UNCONTROLLED
Uncontrolled term 2004 წლის 1 ნოემბრის მდგომარეობით
653 ## - INDEX TERM--UNCONTROLLED
Uncontrolled term საქართველოს საგადასახადო კოდექსი
700 ## - ADDED ENTRY--PERSONAL NAME
Personal name მაჭარაშვილი, ზ.
Relator term რედაქტორი
9 (RLIN) 23850
942 ## - ADDED ENTRY ELEMENTS (KOHA)
Koha item type წიგნი
Source of classification or shelving scheme
ეგზემპლარები
ჩამოწერის სტატუსი დაკარგული ეგზემპლარის სტატუსი კლასიფიკაციის წყარო ან თაროზე გაწყობის სქემა დაზიანების სტატუსი არ გაიცემა მუდმივი მდებარეობა (დაცვის ადგილი) ამჟამინდელი ადგილსამყოფელი თაროზე განთავსების ადგილი შეძენის თარიღი ღირებულება, შესყიდვის ნორმალური ფასი სრული შენახვის შიფრი შტრიხკოდი ბოლო ოპერაციის თარიღი ეგზემპლარის მიმდევრობითი ნომერი (კეტერი?) ფასის ძალაში შესვლის თარიღი ეგზემპლარის სახეობა საჯარო შენიშვნა
          ბათუმის შოთა რუსთაველის სახელმწიფო უნივერსიტეტის მთავარი ბიბლიოთეკა ბათუმის შოთა რუსთაველის სახელმწიფო უნივერსიტეტის მთავარი ბიბლიოთეკა წიგნსაცავი 2018-12-17 9.00 342.743(479.22)(094.4) ს-32 27496 2018-12-17 27496 2018-12-17 წიგნი 9.00 ₾.